02183nam a2200505 i 4500001000700000003000800007005001700015006001900032007001500051008004100066020002700107020001800134035002300152035002400175035002500199035002100224040003100245050002000276082001800296100001800314245013100332264007000463300004100533336003100574337003300605338004300638490008600681504004300767588012700810590016400937650003901101650004101140650006801181650006401249650003901313650003601352650001801388650002601406650003101432655002701463797001901490830008701509856006201596999001901658108419FlNmELB20241217173847.0m o d | cr cnu||||||||141029s2012 sp ob 000 0 spa d a9783954870080 (e-book) z9788484896722 a(MiAaPQ)EBC3225658 a(Au-PeEL)EBL3225658 a(CaPaEBR)ebr10957630 a(OCoLC)992106082 aFINmELBbspaerdacFINmELB 4aPN53bB635 20120 a809.933572231 aBoido, Mario.10aDe límites y convergencias :bla relación palabra/imagen en la cultura visual latinoamericana del siglo XX /cMario Boido. 1aMadrid :bIberoamericana ;aFrankfurt am Main :bVervuert,c2012. a1 recurso en línea (188 páginas) atextobtxt2rdacontent/spa acomputadorabc2rdamedia/spa arecurso en líneabcr2rdacarrier/spa1 aEdiciones de Iberoamericana. Serie A, Historia y crítica de la literatura ;v58 aContiene referencias bibliográficas. aDescripción basada en recurso en línea; Título de la página del título en PDF (e-libro, visto October 29, 2014). aRecurso electrónico. Santa Fe, Arg.: e-libro, 2015. Disponible vía World Wide Web. El acceso puede estar limitado para las bibliotecas afiliadas a e-libro. 0aArt and literaturezLatin America. 4aLiteratura y artezAmérica Latina. 0aLatin American literaturey20th centuryxHistory and criticism. 4aLiteratura latinoamericanaySiglo 20xHistoria y crítica. 0aArt, Latin Americany20th century. 4aArte latinoamericanoySiglo 20. 0aWords in art. 0aKnowledge, Theory of. 4aTeoría del conocimiento. 4aLibros electrónicos.2 ae-libro, Corp. 0aEdiciones de Iberoamericana. Serie A, Historia y crítica de la literatura ;v58.40uhttps://elibro.net/ereader/politecnicointernacional/36920 c108419d108419